| 000 | 00813nam a22002177a 4500 | ||
|---|---|---|---|
| 001 | 44125 | ||
| 003 | BD-RjUL | ||
| 005 | 20211209053814.0 | ||
| 008 | 160713s1957 bg ||||| |||| 00| 0 ben d | ||
| 035 | _a(BD-RjUL) 44243 | ||
| 040 |
_aBD-RjUL _bben _cBD-RjUL |
||
| 041 | _aben | ||
| 082 |
_223 _a891.4414 _bTAS 1957 |
||
| 100 |
_aঠাকুর, রবীন্দ্রনাথ _9135477 |
||
| 245 | 1 | 0 |
_aস্বদেশ / _cরবীন্দ্রনাথ ঠাকুর |
| 260 |
_aকলিকাতা : _bবিশ্বভারতী, _c১৯৫৭ |
||
| 300 |
_a১০৩ পৃ. ; _c১৯ সেমি. |
||
| 600 |
_aঠাকুর, রবীন্দ্রনাথ, _d১৮৬১-১৯৪১ _9135480 |
||
| 600 |
_aTagore, Robindronath , _d1861-1941 _9135481 |
||
| 942 |
_2ddc _cBK |
||
| 999 |
_c44125 _d44125 |
||